Los Secuestradores de burros / (Registro nro. 11680)

Detalles MARC
000 -LIDER
fixed length control field 01036nam a22003257a 4500
001 - NÚMERO DE CONTROL
Identificador de número de control 000597
003 - IDENTIFICACDOR DE NÚMERO DE CONTROL
control field DO-SdBPM
005 - DATE AND TIME OF LATEST TRANSACTION
control field 20241209105300.0
007 - CAMPOS FIJOS DE DESCRIPCIÓN FÍSICA
fixed length control field 000597
008 - ELEMENTOS DE LONGITUD FIJA
fixed length control field 161026b1995 sp a | 00| 0 spa d
020 ## - ISBN
International Standard Book Number 842044782X
040 ## - FUENTE DE CATALOGACIÓN
Agencia que crea de manera original el registro BPMSU
Idioma de catalogación spa
Agencia que realiza la transcripción BPMSU
082 #4 - NÚMERO DE CLASIFICACIÓN DECIMAL DE DEWEY
Classification number 823.91
Item number D965s 1995
Edition number 22
100 1# - ASIENTO PRINCIPAL -- NOMBRE PERSONAL
Nombre personal Durrell, Gerald,
Fechas asociadas con el nombre 1925-1995.
240 ## - TITULO UNIFORME
Título uniforme The donkey rustlers. Español.
Idioma de una obra Español
245 10 - MENCIÓN DE TITULO
Título Los Secuestradores de burros /
Mención de responsabilidad Gerald Durrell ; traducción de María Luisa Balseiro ; ilustraciones de Mabel Álvarez.
250 ## - MENCIÓN DE EDICION
Mención de edición 1a ed., 25a reimp.
260 ## - PUBLICACIÓN, DISTRIBUCIÓN, ETC. (PIE DE IMPRENTA)
Lugar de publicación, distribución, etc Madrid :
Nombre del editor, distribuidor, etc. Grupo Alfaguara,
Fecha de publicación, distribución, etc 1995
300 ## - DESCRIPCIÓN FÍSICA
Extensión 177 p. :
Otros detalles físicos il- ;
Dimensiones 19 cm.
490 0# - MENCIÓN DE SERIES
Mención de serie Infantil juvenil ;
-- Azul,
Volume/sequential designation 46
500 ## - NOTA GENERAL
Nota general
500 ## - NOTA GENERAL
Nota general
500 ## - NOTA GENERAL
Nota general Desde 12 años
590 ## - NOTA LOCAL
Texto de la nota local Inventariado, 2024/VM
650 #4 - ENCABEZAMIENTO DE MATERIA--TEMÁTICO
Término temático o nombre geográfico como elemento de entrada Cuentos juveniles ingleses
700 1# - ASIENTO SECUNDARIO -- NOMBRE PERSONAL
Nombre personal Balseiro, María Luisa,
Mención de responsabilidad traductora
700 1# - ASIENTO SECUNDARIO -- NOMBRE PERSONAL
Nombre personal Álvarez, Mabel,
Mención de responsabilidad ilustraciones
910 ## - VALIDACIÓN
Validación VMateo V. Control de calidad. BPMSU
942 ## - ADDED ENTRY ELEMENTS (KOHA)
Source of classification or shelving scheme Dewey Decimal Classification
Koha item type Libros
Existencias
Withdrawn status Lost status Source of classification or shelving scheme Damaged status Not for loan Collection code Home library Current library Date acquired Source of acquisition Total Checkouts Full call number Barcode Date last seen Copy number Price effective from Koha item type
    Dewey Decimal Classification     Colección Juvenil General Biblioteca Pública Metropolitana Salomé Ureña Biblioteca Pública Metropolitana Salomé Ureña 10/26/2016 Donación   BPMSU CJG 823.91 D965s 1995 BPMSU16100372 10/26/2016 e.2 10/26/2016 Libros
    Dewey Decimal Classification     Colección Juvenil General Biblioteca Pública Metropolitana Salomé Ureña Biblioteca Pública Metropolitana Salomé Ureña 10/26/2016 Donación   BPMSU CJG 823.91 D965s 1995 BPMSU24120011 12/09/2024   10/26/2016 Libros